[Event "Stuttgart-chB int"]
[Site "Ditzingen"]
[Date "2016.05.06"]
[Round "3"]
[White "Zacke, Tim"]
[Black "Steinhart, Matthias"]
[Result "1-0"]
[WhiteElo "1868"]
[BlackElo "1741"]
[PlyCount "120"]
[EventDate "2016.05.05"]
[EventType "swiss"]
[EventRounds "7"]
[EventCountry "GER"]
[SourceTitle "EXT 2018"]
[Source "ChessBase"]
[SourceDate "2017.10.13"]
[SourceVersion "1"]
[SourceVersionDate "2017.10.13"]
[SourceQuality "1"]

1. e4 e5 2. Nf3 Nc6 3. Bc4 Nf6 4. d3 Bc5 5. Nc3 d6 6. h3 Na5 7. Bb3 Nxb3 8. axb3 a6 9. Be3 Bxe3 10. fxe3 0-0 11. Qd2 Nd7 12. g4 c6 13. Ke2 Re8 14. Rag1 Nf8 15. h4 d5 16. h5 b5 17. exd5 cxd5 18. g5 Bb7 19. Rh4 d4 20. Ne4 Bxe4 21. Rxe4 Rc8 22. Kd1 dxe3 23. Qxe3 Qc7 24. Rg2 Nd7 25. d4 Qd6 26. Nxe5 Nxe5 27. Rxe5 Rxe5 28. Qxe5 Qxe5 29. dxe5 Kf8 30. g6 Rd8+ 31. Kc1 fxg6 32. hxg6 hxg6 33. Rxg6 Rd5 34. e6 Re5 35. b4 Kg8 36. e7 Rxe7 37. Rxa6 Rb7 38. Rc6 Kf7 39. Kd2 g5 40. Ke3 Re7+ 41. Kf3 g4+ 42. Kg3 Re2 43. Rc5 Ke6 44. c3 Rxb2 45. Kxg4 Rc2 46. Kf4 Rf2+ 47. Ke3 Rc2 48. Kd3 Rh2 49. Rxb5 Rh3+ 50. Kc4 Rh4+ 51. Kb3 Rh3 52. Rc5 Kd6 53. Ka4 Rh1 54. c4 Ra1+ 55. Kb5 Ra8 56. Rc6+ Kd7 57. c5 Ra1 58. Rh6 Rg1 59. Rh7+ Kc8 60. Kb6 Rb1 1-0

[Event "IBCA EU-ch blind 06th"]
[Site "Lyon"]
[Date "2015.08.01"]
[Round "8"]
[White "Steinhart, Matthias"]
[Black "Bremer, Erik"]
[Result "1-0"]
[WhiteElo "1768"]
[BlackElo "1475"]
[PlyCount "103"]
[EventDate "2015.07.25"]
[EventType "swiss"]
[EventRounds "9"]
[EventCountry "FRA"]
[SourceTitle "CBM 167 Extra"]
[Source "ChessBase"]
[SourceDate "2015.09.14"]
[SourceVersion "1"]
[SourceVersionDate "2015.09.14"]
[SourceQuality "1"]

1. e4 c5 2. Nf3 d6 3. d4 cxd4 4. Nxd4 Nf6 5. Nc3 a6 6. Bg5 e6 7. f4 Be7 8. Qf3 Nc6 9. Nxc6 bxc6 10. e5 Nd5 11. Bxe7 Qxe7 12. exd6 Qxd6 13. Nxd5 cxd5 14. 0-0-0 0-0 15. f5 Rb8 16. Bc4 Qe5 17. Bb3 Qxf5 18. Qxf5 exf5 19. Bxd5 Be6 20. Bxe6 fxe6 21. Rd6 e5 22. Rxa6 e4 23. Ra3 f4 24. Rb3 Rbe8 25. a4 g5 26. h3 h5 27. Rb7 f3 28. gxf3 Rxf3 29. Kd1 e3 30. Ke1 Rg3 31. a5 Rd8 32. a6 Rg2 33. a7 Rxc2 34. Rb8 Rcc8 35. Rxc8 Rxc8 36. Ke2 g4 37. hxg4 hxg4 38. Rg1 Kf7 39. Rxg4 Ke7 40. Kxe3 Ra8 41. Ra4 Kd6 42. Kd3 Kc6 43. Kc3 Kb6 44. b3 Rxa7 45. Rxa7 Kxa7 46. Kb4 Ka8 47. Kb5 Kb7 48. b4 Ka7 49. Kc6 Kb8 50. b5 Kc8 51. b6 Kb8 52. b7 1-0

[Event "Stuttgart-chB int"]
[Site "Ditzingen"]
[Date "2013.05.12"]
[Round "7"]
[White "Steinhart, Matthias"]
[Black "Dallinger, Moritz"]
[Result "0-1"]
[WhiteElo "1783"]
[BlackElo "1528"]
[PlyCount "50"]
[EventDate "2013.05.09"]
[EventType "swiss"]
[EventRounds "7"]
[EventCountry "GER"]
[SourceTitle "EXT 2014"]
[Source "ChessBase"]
[SourceDate "2013.11.20"]
[SourceVersion "1"]
[SourceVersionDate "2013.11.20"]
[SourceQuality "1"]

1. e4 c5 2. Nf3 a6 3. d4 cxd4 4. Nxd4 Nf6 5. Nc3 Qc7 6. f4 e5 7. fxe5 Qxe5 8. Nf3 Qc5 9. h3 Bd6 10. Qd2 Bg3+ 11. Kd1 0-0 12. Qd4 Qxd4+ 13. Nxd4 Nc6 14. Be3 Re8 15. Bd3 b5 16. Nxc6 dxc6 17. a3 Be5 18. Re1 Bxc3 19. bxc3 Nxe4 20. Bxe4 Rxe4 21. Kd2 Bf5 22. Rad1 f6 23. Kc1 Rae8 24. Bf2 Kf7 25. Rd7+ Bxd7 0-1

[Event "Stuttgart-chB int"]
[Site "Ditzingen"]
[Date "2013.05.09"]
[Round "2"]
[White "Piskaykin, Bogdan"]
[Black "Steinhart, Matthias"]
[Result "1-0"]
[WhiteElo "1586"]
[BlackElo "1783"]
[PlyCount "97"]
[EventDate "2013.05.09"]
[EventType "swiss"]
[EventRounds "7"]
[EventCountry "GER"]
[SourceTitle "EXT 2014"]
[Source "ChessBase"]
[SourceDate "2013.11.20"]
[SourceVersion "1"]
[SourceVersionDate "2013.11.20"]
[SourceQuality "1"]

1. e4 e5 2. Nf3 Nc6 3. Bb5 a6 4. Ba4 Nf6 5. Nc3 b5 6. Bb3 d6 7. Ng5 d5 8. Nxd5 Nd4 9. Nxf6+ Qxf6 10. d3 Nxb3 11. axb3 Bc5 12. 0-0 h6 13. Nf3 Bg4 14. Be3 Qb6 15. Bxc5 Qxc5 16. c3 0-0 17. b4 Qe7 18. h3 Bh5 19. Qe2 Rfd8 20. Qe3 Rd6 21. g4 Bg6 22. Qc5 f6 23. Nh4 Bh7 24. Nf5 Bxf5 25. gxf5 Qd7 26. Rad1 Rxd3 27. Rxd3 Qxd3 28. Qd5+ Qxd5 29. exd5 Rd8 30. Rd1 c6 31. d6 Kf7 32. Kg2 g6 33. fxg6+ Kxg6 34. d7 Kf7 35. Rd6 Ke7 36. Rxc6 Rxd7 37. Rxa6 Rd2 38. Ra7+ Ke6 39. Ra6+ Kf5 40. Rb6 Rd5 41. Rc6 e4 42. Rc5 Ke5 43. Kg3 f5 44. Rxd5+ Kxd5 45. Kf4 Kc4 46. Kxf5 Kd3 47. Ke5 Ke2 48. Kxe4 Kxf2 49. c4 1-0

[Event "Stuttgart-chB int"]
[Site "Ditzingen"]
[Date "2012.05.18"]
[Round "4"]
[White "Steinhart, Matthias"]
[Black "Gomer, Dieter"]
[Result "0-1"]
[WhiteElo "1771"]
[BlackElo "1565"]
[PlyCount "82"]
[EventDate "2012.05.17"]
[EventType "swiss"]
[EventRounds "7"]
[EventCountry "GER"]
[SourceTitle "EXT 2018"]
[Source "ChessBase"]
[SourceDate "2017.10.13"]
[SourceVersion "1"]
[SourceVersionDate "2017.10.13"]
[SourceQuality "1"]

1. e4 e5 2. Nf3 Nc6 3. Bb5 a6 4. Ba4 Nf6 5. 0-0 b5 6. Bb3 Be7 7. Re1 0-0 8. d3 d6 9. c3 Be6 10. Bc2 Nd7 11. h3 f5 12. d4 fxe4 13. Nxe5 Ncxe5 14. dxe5 Nxe5 15. Bxe4 Rc8 16. f4 Bh4 17. fxe5 Bf2+ 18. Kh1 Bxe1 19. Qxe1 dxe5 20. Nd2 Bd5 21. Bxd5+ Qxd5 22. Ne4 Rf7 23. Bg5 Rcf8 24. Qe2 h6 25. Bd2 Qd8 26. Rd1 Qh4 27. Qg4 Rf1+ 28. Rxf1 Rxf1+ 29. Kh2 Qxg4 30. hxg4 Ra1 31. a3 Rb1 32. b4 Ra1 33. Nc5 Rxa3 34. Nd7 a5 35. Nxe5 a4 36. Nc6 Ra2 37. Bf4 Ra1 38. Be5 Re1 39. Bg3 a3 40. Na5 a2 41. Nb3 Rb1 0-1

[Event "Stuttgart-chA int"]
[Site "Ditzingen"]
[Date "2010.05.15"]
[Round "6"]
[White "Mayer, Dietmar"]
[Black "Steinhart, Matthias"]
[Result "1/2-1/2"]
[WhiteElo "1851"]
[BlackElo "1834"]
[PlyCount "73"]
[EventDate "2010.05.13"]
[EventType "swiss"]
[EventRounds "7"]
[EventCountry "GER"]
[SourceTitle "EXT 2018"]
[Source "ChessBase"]
[SourceDate "2017.10.13"]
[SourceVersion "1"]
[SourceVersionDate "2017.10.13"]
[SourceQuality "1"]

1. d4 d5 2. Nf3 Nc6 3. Bf4 Bg4 4. e3 e6 5. c4 Nf6 6. Nc3 Bb4 7. Rc1 0-0 8. h3 Bh5 9. a3 Bxc3+ 10. Rxc3 Ne4 11. Rc1 dxc4 12. Bxc4 Nd6 13. Bd3 Bg6 14. Bxg6 hxg6 15. Qd3 Ne7 16. e4 c6 17. 0-0 f5 18. Bxd6 Qxd6 19. e5 Qd7 20. Ng5 Kh8 21. Qb3 Ng8 22. Qxe6 Qxe6 23. Nxe6 Rf7 24. Rfe1 Re8 25. Ng5 Rd7 26. Rcd1 Nh6 27. f4 Red8 28. Ne6 Re8 29. Nc5 Rd5 30. Na4 Red8 31. e6 Ng8 32. Nc3 R5d6 33. Re5 Re8 34. d5 cxd5 35. Rdxd5 Rdxe6 36. Rxe6 Rxe6 37. Rd7 1/2-1/2

[Event "Bad Woerishofen op 25th"]
[Site "Bad Woerishofen"]
[Date "2009.03.07"]
[Round "3"]
[White "Roeschert, Stephan"]
[Black "Steinhart, Matthias"]
[Result "1-0"]
[WhiteElo "1986"]
[BlackElo "1861"]
[PlyCount "43"]
[EventDate "2009.03.05"]
[EventType "swiss"]
[EventRounds "9"]
[EventCountry "GER"]
[SourceTitle "CBM 129 Extra"]
[Source "ChessBase"]
[SourceDate "2009.05.05"]
[SourceVersion "2"]
[SourceVersionDate "2009.05.20"]
[SourceQuality "1"]

1. e4 e5 2. Nf3 Nc6 3. Bc4 Nf6 4. d3 d5 5. exd5 Nxd5 6. 0-0 Bg4 7. c3 Nb6 8. Bb3 Be7 9. Be3 0-0 10. Bxb6 axb6 11. Qe2 Bf6 12. Nbd2 Kh8 13. Rfe1 Qd7 14. Ne4 Be7 15. Ng3 Rad8 16. Nxe5 Bxe2 17. Nxd7 Rxd7 18. Rxe2 Rxd3 19. Rae1 Rd7 20. Ba4 Bd6 21. Nf5 Ra8 22. Re8+ 1-0

[Event "Stuttgart-chA int"]
[Site "Gerlingen"]
[Date "2007.05.18"]
[Round "4"]
[White "Rudhart, Michael"]
[Black "Steinhart, Matthias"]
[Result "1-0"]
[WhiteElo "1930"]
[BlackElo "1871"]
[PlyCount "77"]
[EventDate "2007.05.17"]
[EventType "swiss"]
[EventRounds "7"]
[EventCountry "GER"]
[SourceTitle "EXT 2018"]
[Source "ChessBase"]
[SourceDate "2017.10.13"]
[SourceVersion "1"]
[SourceVersionDate "2017.10.13"]
[SourceQuality "1"]

1. d4 d5 2. c4 Nc6 3. cxd5 Qxd5 4. Nf3 e5 5. dxe5 Qxd1+ 6. Kxd1 Bg4 7. Bf4 0-0-0+ 8. Kc1 Re8 9. h3 Bxf3 10. exf3 Nxe5 11. Nc3 Ng6 12. Be3 a6 13. f4 Bd6 14. g3 h5 15. h4 Nf6 16. Bc4 Rhf8 17. Bd4 Be7 18. f3 Rd8 19. Bf2 Bb4 20. Kc2 Bxc3 21. bxc3 Nd5 22. Bc5 Rfe8 23. Rhe1 c6 24. Bd3 Nf8 25. f5 Nd7 26. Bg1 Ne5 27. Be4 Nf6 28. Bb6 Rd7 29. Bd4 Nxe4 30. Rxe4 Rde7 31. Rae1 f6 32. Bc5 Rd7 33. f4 Rd5 34. Bf2 Red8 35. Bb6 Rd2+ 36. Kc1 Nf3 37. Bxd8 Nxe1 38. Kxd2 Nf3+ 39. Ke3 1-0

[Event "Stuttgart-chA int"]
[Site "Ditzingen"]
[Date "2006.05.25"]
[Round "2"]
[White "Steinhart, Matthias"]
[Black "Braun, Ruediger Thomas"]
[Result "1/2-1/2"]
[WhiteElo "1887"]
[BlackElo "2003"]
[PlyCount "76"]
[EventDate "2006.05.25"]
[EventType "swiss"]
[EventRounds "7"]
[EventCountry "GER"]
[SourceTitle "EXT 2018"]
[Source "ChessBase"]
[SourceDate "2017.10.13"]
[SourceVersion "1"]
[SourceVersionDate "2017.10.13"]
[SourceQuality "1"]

1. e4 e5 2. Nf3 Nc6 3. Bb5 f5 4. Nc3 fxe4 5. Nxe4 d5 6. Nxe5 dxe4 7. Nxc6 Qg5 8. Qe2 Nf6 9. f4 Qxf4 10. Ne5+ c6 11. d4 Qh4+ 12. g3 Qh3 13. Bc4 Be6 14. Bxe6 Qxe6 15. Bg5 0-0-0 16. c3 Bd6 17. Nc4 Bc7 18. 0-0 Rde8 19. Ne3 Nd5 20. Nxd5 cxd5 21. Bf4 Bxf4 22. Rxf4 g5 23. Rf2 e3 24. Rf3 Rhf8 25. Re1 Rxf3 26. Qxf3 Re7 27. Kg2 g4 28. Qf4 h5 29. Qf8+ Kd7 30. Qf4 Qb6 31. Qf5+ Kc7 32. b3 Qa6 33. a4 Qb6 34. Qxd5 Qg6 35. Qc5+ Kd8 36. Qa5+ b6 37. Qd5+ Kc7 38. Qc4+ Kb8 1/2-1/2

[Event "Stuttgart-chA int"]
[Site "Ditzingen"]
[Date "2005.05.07"]
[Round "5"]
[White "Steinhart, Matthias"]
[Black "Kaplunov, Vadym"]
[Result "0-1"]
[WhiteElo "1900"]
[BlackElo "2063"]
[PlyCount "64"]
[EventDate "2005.05.05"]
[EventType "swiss"]
[EventRounds "7"]
[EventCountry "GER"]
[SourceTitle "EXT 2018"]
[Source "ChessBase"]
[SourceDate "2017.10.13"]
[SourceVersion "1"]
[SourceVersionDate "2017.10.13"]
[SourceQuality "1"]

1. e4 c5 2. Nf3 e6 3. d4 cxd4 4. Nxd4 Nf6 5. Nc3 d6 6. Be3 a6 7. Be2 Be7 8. a4 Bd7 9. 0-0 Nc6 10. f4 Qc7 11. Bf3 0-0 12. g4 Nxd4 13. Bxd4 Bc6 14. Qe1 Nd7 15. f5 exf5 16. gxf5 Ne5 17. Be2 Bf6 18. Rd1 Rfe8 19. Qf2 Qe7 20. Nd5 Bxd5 21. exd5 Qc7 22. c3 Qa5 23. Bxe5 Rxe5 24. Rd4 Rae8 25. Bd1 Bg5 26. b4 Qd8 27. Rf4 Bxf4 28. Qxf4 Qf6 29. Bb3 Re4 30. Qd2 Re2 31. Qc1 R8e3 32. Bd1 Qg5+ 0-1

[Event "Stuttgart-chA int"]
[Site "Ditzingen"]
[Date "2005.05.06"]
[Round "4"]
[White "Pfeifer, Wilfried"]
[Black "Steinhart, Matthias"]
[Result "1-0"]
[WhiteElo "2094"]
[BlackElo "1900"]
[PlyCount "99"]
[EventDate "2005.05.05"]
[EventType "swiss"]
[EventRounds "7"]
[EventCountry "GER"]
[SourceTitle "EXT 2018"]
[Source "ChessBase"]
[SourceDate "2017.10.13"]
[SourceVersion "1"]
[SourceVersionDate "2017.10.13"]
[SourceQuality "1"]

1. f4 e5 2. fxe5 d6 3. exd6 Bxd6 4. Nf3 g5 5. g3 g4 6. Nh4 Ne7 7. d4 Ng6 8. Nxg6 hxg6 9. Qd3 Nc6 10. c3 Bf5 11. e4 Qe7 12. Bg2 0-0-0 13. 0-0 Be6 14. Nd2 Qg5 15. Rf2 Qh5 16. Nf1 f5 17. Bf4 Bxf4 18. gxf4 fxe4 19. Bxe4 Bf5 20. Bxf5+ gxf5 21. Ng3 Qh3 22. Qxf5+ Kb8 23. Re1 Rdf8 24. Qe4 a6 25. d5 Nd8 26. c4 Nf7 27. Qd4 Nd6 28. Re5 Qh7 29. Rh5 Qg8 30. Rxh8 Qxh8 31. Qxh8 Rxh8 32. c5 Nb5 33. f5 Nd4 34. Kg2 Nf3 35. Rxf3 gxf3+ 36. Kxf3 Rxh2 37. f6 Rh8 38. Kf4 Kc8 39. Nf5 Kd7 40. Ng7 Rh2 41. Kf5 Rxb2 42. Ne6 Rxa2 43. Kg6 Rf2 44. Kf7 a5 45. Nf8+ Kc8 46. Ke7 a4 47. d6 cxd6 48. cxd6 Re2+ 49. Ne6 Kb8 50. d7 1-0